[Event "World Cup 2023 Open"]
[Site "Baku, Azerbaijan"]
[Date "????.??.??"]
[Round "23.16"]
[White "Esipenko Andrey (FID)"]
[Black "Vallejo Pons Francisco (ESP)"]
[Result "1-0"]
[WhiteFideId "24175439"]
[BlackFideId "2205530"]
[WhiteElo "2683"]
[BlackElo "2706"]

1. e4 {[%clk 00:25:18]} {[%emt 00:00:02]} c6 {[%clk 00:25:18]} {[%emt
00:00:03]} 2. d4 {[%clk 00:25:24]} {[%emt 00:00:03]} d5 {[%clk 00:25:26]}
{[%emt 00:00:02]} 3. e5 {[%clk 00:25:28]} {[%emt 00:00:06]} Bf5 {[%clk
00:25:32]} {[%emt 00:00:03]} 4. h4 {[%clk 00:25:34]} {[%emt 00:00:04]} h5
{[%clk 00:25:40]} {[%emt 00:00:02]} 5. Bd3 {[%clk 00:25:39]} {[%emt 00:00:05]}
Bxd3 {[%clk 00:25:44]} {[%emt 00:00:06]} 6. Qxd3 {[%clk 00:25:47]} {[%emt
00:00:02]} Qa5+ {[%clk 00:25:51]} {[%emt 00:00:03]} 7. Nd2 {[%clk 00:25:54]}
{[%emt 00:00:03]} e6 {[%clk 00:25:56]} {[%emt 00:00:05]} 8. Ngf3 {[%clk
00:26:00]} {[%emt 00:00:03]} Ne7 {[%clk 00:25:53]} {[%emt 00:00:14]} 9. O-O
{[%clk 00:26:06]} {[%emt 00:00:04]} Nf5 {[%clk 00:26:00]} {[%emt 00:00:03]} 10.
Nb3 {[%clk 00:26:08]} {[%emt 00:00:08]} Qa6 {[%clk 00:25:02]} {[%emt 00:01:09]}
11. Qc3 {[%clk 00:26:12]} {[%emt 00:00:06]} Nd7 {[%clk 00:23:23]} {[%emt
00:01:49]} 12. Bg5 {[%clk 00:26:19]} {[%emt 00:00:03]} Rc8 {[%clk 00:23:09]}
{[%emt 00:00:25]} 13. Qd2 {[%clk 00:26:11]} {[%emt 00:00:17]} c5 {[%clk
00:22:08]} {[%emt 00:01:12]} 14. c3 {[%clk 00:26:16]} {[%emt 00:00:05]} Qa4
{[%clk 00:18:32]} {[%emt 00:03:46]} 15. Rfe1 {[%clk 00:25:33]} {[%emt
00:00:53]} b6 {[%clk 00:18:18]} {[%emt 00:00:24]} 16. g3 {[%clk 00:23:35]}
{[%emt 00:02:08]} g6 {[%clk 00:18:18]} {[%emt 00:00:11]} 17. Kg2 {[%clk
00:22:53]} {[%emt 00:00:51]} Bg7 {[%clk 00:16:10]} {[%emt 00:02:18]} 18. Qf4
{[%clk 00:19:05]} {[%emt 00:03:57]} b5 {[%clk 00:13:57]} {[%emt 00:02:24]} 19.
Re2 {[%clk 00:17:54]} {[%emt 00:01:20]} a6 {[%clk 00:12:29]} {[%emt 00:01:39]}
20. Nbd2 {[%clk 00:13:34]} {[%emt 00:04:28]} Qc2 {[%clk 00:10:47]} {[%emt
00:01:53]} 21. Rae1 {[%clk 00:12:18]} {[%emt 00:01:26]} Qxb2 {[%clk 00:06:08]}
{[%emt 00:04:49]} 22. Ne4 {[%clk 00:12:03]} {[%emt 00:00:25]} Qa3 {[%clk
00:06:11]} {[%emt 00:00:08]} 23. Nd6+ {[%clk 00:12:00]} {[%emt 00:00:12]} Nxd6
{[%clk 00:06:04]} {[%emt 00:00:18]} 24. exd6 {[%clk 00:12:06]} {[%emt
00:00:04]} O-O {[%clk 00:06:04]} {[%emt 00:00:10]} 25. Be7 {[%clk 00:11:29]}
{[%emt 00:00:46]} cxd4 {[%clk 00:01:42]} {[%emt 00:04:34]} 26. cxd4 {[%clk
00:11:00]} {[%emt 00:00:39]} Rfe8 {[%clk 00:01:31]} {[%emt 00:00:21]} 27. Re3
{[%clk 00:10:10]} {[%emt 00:01:00]} Qb4 {[%clk 00:00:51]} {[%emt 00:00:50]} 28.
a3 {[%clk 00:10:05]} {[%emt 00:00:15]} Qc4 {[%clk 00:00:42]} {[%emt 00:00:19]}
29. Ng5 {[%clk 00:09:19]} {[%emt 00:00:56]} Rxe7 {[%clk 00:00:38]} {[%emt
00:00:15]} 30. dxe7 {[%clk 00:09:26]} {[%emt 00:00:03]} Nf6 {[%clk 00:00:27]}
{[%emt 00:00:20]} 31. Nxe6 {[%clk 00:09:25]} {[%emt 00:00:11]} fxe6 {[%clk
00:00:25]} {[%emt 00:00:13]} 32. Rxe6 {[%clk 00:09:33]} {[%emt 00:00:02]} Ne8
{[%clk 00:00:13]} {[%emt 00:00:22]} 33. Rxg6 {[%clk 00:09:36]} {[%emt
00:00:07]} Qc7 {[%clk 00:00:13]} {[%emt 00:00:11]} 34. Qf8+ {[%clk 00:09:10]}
{[%emt 00:00:35]} Kh7 {[%clk 00:00:21]} {[%emt 00:00:02]} 35. Qf5 {[%clk
00:09:09]} {[%emt 00:00:11]} Kg8 {[%clk 00:00:20]} {[%emt 00:00:12]} 36. Re5
{[%clk 00:09:10]} {[%emt 00:00:08]} 1-0

[Event "World Cup 2023 Open"]
[Site "Baku, Azerbaijan"]
[Date "????.??.??"]
[Round "25.9"]
[White "Ponomariov Ruslan (UKR)"]
[Black "Le Quang Liem (VIE)"]
[Result "1/2-1/2"]
[WhiteFideId "14103320"]
[BlackFideId "12401137"]
[WhiteElo "2664"]
[BlackElo "2728"]

1. e4 {[%clk 00:10:19]} c5 {[%clk 00:10:19]} {[%emt 00:00:02]} 2. Nf3 {[%clk
00:10:28]} {[%emt 00:00:01]} d6 {[%clk 00:10:28]} {[%emt 00:00:01]} 3. Bb5+
{[%clk 00:10:37]} {[%emt 00:00:01]} Nd7 {[%clk 00:10:36]} {[%emt 00:00:02]} 4.
O-O {[%clk 00:10:45]} {[%emt 00:00:02]} a6 {[%clk 00:10:40]} {[%emt 00:00:06]}
5. Bd3 {[%clk 00:10:52]} {[%emt 00:00:03]} Ngf6 {[%clk 00:10:37]} {[%emt
00:00:14]} 6. c3 {[%clk 00:10:46]} {[%emt 00:00:15]} e6 {[%clk 00:10:12]}
{[%emt 00:00:35]} 7. Re1 {[%clk 00:10:09]} {[%emt 00:00:48]} Be7 {[%clk
00:10:09]} {[%emt 00:00:12]} 8. Bc2 {[%clk 00:10:13]} {[%emt 00:00:06]} b5
{[%clk 00:10:17]} {[%emt 00:00:02]} 9. d4 {[%clk 00:10:18]} {[%emt 00:00:06]}
Bb7 {[%clk 00:10:20]} {[%emt 00:00:06]} 10. Nbd2 {[%clk 00:10:13]} {[%emt
00:00:15]} Qc7 {[%clk 00:10:09]} {[%emt 00:00:21]} 11. e5 {[%clk 00:09:06]}
{[%emt 00:01:18]} dxe5 {[%clk 00:09:41]} {[%emt 00:00:38]} 12. dxe5 {[%clk
00:09:14]} {[%emt 00:00:02]} Nd5 {[%clk 00:09:45]} {[%emt 00:00:06]} 13. Ne4
{[%clk 00:08:55]} {[%emt 00:00:29]} O-O-O {[%clk 00:08:58]} {[%emt 00:00:56]}
14. Ng3 {[%clk 00:06:14]} {[%emt 00:02:51]} h5 {[%clk 00:06:43]} {[%emt
00:02:25]} 15. h4 {[%clk 00:06:20]} {[%emt 00:00:04]} N5b6 {[%clk 00:06:52]}
{[%emt 00:00:02]} 16. Bf4 {[%clk 00:05:34]} {[%emt 00:00:56]} Nxe5 {[%clk
00:06:01]} {[%emt 00:01:00]} 17. Bxe5 {[%clk 00:05:39]} {[%emt 00:00:05]} Rxd1
{[%clk 00:06:09]} {[%emt 00:00:02]} 18. Raxd1 {[%clk 00:05:47]} {[%emt
00:00:02]} Qc6 {[%clk 00:06:18]} {[%emt 00:00:01]} 19. Be4 {[%clk 00:05:46]}
{[%emt 00:00:12]} Qe8 {[%clk 00:06:18]} {[%emt 00:00:09]} 20. Bxg7 {[%clk
00:05:27]} {[%emt 00:00:29]} Bxe4 {[%clk 00:05:11]} {[%emt 00:01:17]} 21. Nxe4
{[%clk 00:05:16]} {[%emt 00:00:21]} Rg8 {[%clk 00:05:19]} {[%emt 00:00:02]} 22.
Bf6 {[%clk 00:05:02]} {[%emt 00:00:24]} Nd5 {[%clk 00:03:52]} {[%emt 00:01:38]}
23. Bxe7 {[%clk 00:04:54]} {[%emt 00:00:18]} Qxe7 {[%clk 00:03:59]} {[%emt
00:00:03]} 24. g3 {[%clk 00:05:02]} {[%emt 00:00:02]} Rd8 {[%clk 00:03:57]}
{[%emt 00:00:10]} 25. Ne5 {[%clk 00:04:43]} {[%emt 00:00:30]} Rf8 {[%clk
00:02:12]} {[%emt 00:01:55]} 26. c4 {[%clk 00:04:42]} {[%emt 00:00:11]} bxc4
{[%clk 00:02:21]} {[%emt 00:00:01]} 27. Nxc4 {[%clk 00:04:51]} {[%emt
00:00:02]} Kb8 {[%clk 00:02:14]} {[%emt 00:00:17]} 28. Ne3 {[%clk 00:04:12]}
{[%emt 00:00:49]} Rd8 {[%clk 00:01:52]} {[%emt 00:00:31]} 29. Rc1 {[%clk
00:04:21]} {[%emt 00:00:02]} Nb4 {[%clk 00:01:48]} {[%emt 00:00:13]} 30. Nxc5
{[%clk 00:04:09]} {[%emt 00:00:22]} Rc8 {[%clk 00:01:57]} {[%emt 00:00:02]} 31.
Rc4 {[%clk 00:04:17]} {[%emt 00:00:02]} Rxc5 {[%clk 00:00:59]} {[%emt
00:01:07]} 32. Rxb4+ {[%clk 00:04:25]} {[%emt 00:00:02]} Rb5 {[%clk 00:01:06]}
{[%emt 00:00:04]} 33. Ra4 {[%clk 00:03:55]} {[%emt 00:00:40]} Rxb2 {[%clk
00:01:04]} {[%emt 00:00:12]} 34. Rxa6 {[%clk 00:04:03]} {[%emt 00:00:02]} Qb4
{[%clk 00:01:02]} {[%emt 00:00:12]} 35. Rd1 {[%clk 00:03:59]} {[%emt 00:00:14]}
Rb1 {[%clk 00:00:46]} {[%emt 00:00:26]} 36. Rad6 {[%clk 00:03:58]} {[%emt
00:00:10]} Rxd1+ {[%clk 00:00:47]} {[%emt 00:00:09]} 37. Rxd1 {[%clk 00:04:07]}
{[%emt 00:00:01]} Kc7 {[%clk 00:00:51]} {[%emt 00:00:06]} 38. Rc1+ {[%clk
00:03:30]} {[%emt 00:00:47]} Kd7 {[%clk 00:00:59]} {[%emt 00:00:02]} 39. Kg2
{[%clk 00:02:47]} {[%emt 00:00:53]} Qe4+ {[%clk 00:00:52]} {[%emt 00:00:18]} 40.
Kg1 {[%clk 00:02:53]} {[%emt 00:00:03]} e5 {[%clk 00:00:58]} {[%emt 00:00:04]}
41. Rd1+ {[%clk 00:02:30]} {[%emt 00:00:33]} Ke6 {[%clk 00:01:05]} {[%emt
00:00:02]} 42. Rd8 {[%clk 00:02:07]} {[%emt 00:00:33]} Qb1+ {[%clk 00:00:34]}
{[%emt 00:00:40]} 43. Kg2 {[%clk 00:02:12]} {[%emt 00:00:06]} Qxa2 {[%clk
00:00:42]} {[%emt 00:00:02]} 44. Re8+ {[%clk 00:02:14]} {[%emt 00:00:08]} Kf6
{[%clk 00:00:48]} {[%emt 00:00:03]} 45. g4 {[%clk 00:01:27]} {[%emt 00:00:57]}
hxg4 {[%clk 00:00:29]} {[%emt 00:00:29]} 46. Nxg4+ {[%clk 00:01:34]} {[%emt
00:00:03]} Kf5 {[%clk 00:00:38]} 47. Nxe5 {[%clk 00:01:04]} {[%emt 00:00:40]}
Qa4 {[%clk 00:00:46]} {[%emt 00:00:01]} 48. Nxf7 {[%clk 00:01:08]} {[%emt
00:00:07]} Qg4+ {[%clk 00:00:38]} {[%emt 00:00:17]} 49. Kf1 {[%clk 00:01:15]}
{[%emt 00:00:03]} Qc4+ {[%clk 00:00:42]} {[%emt 00:00:07]} 50. Kg2 {[%clk
00:01:22]} {[%emt 00:00:04]} Qxf7 {[%clk 00:00:29]} {[%emt 00:00:22]} 51. Re3
{[%clk 00:01:31]} {[%emt 00:00:02]} Qd5+ {[%clk 00:00:36]} {[%emt 00:00:02]} 52.
Kg1 {[%clk 00:01:40]} {[%emt 00:00:01]} Kg4 {[%clk 00:00:44]} {[%emt 00:00:02]}
53. Rg3+ {[%clk 00:01:49]} Kf4 {[%clk 00:00:50]} {[%emt 00:00:04]} 54. Re3
{[%clk 00:01:58]} Qh5 {[%clk 00:00:57]} {[%emt 00:00:03]} 55. Rg3 {[%clk
00:02:07]} {[%emt 00:00:01]} Qxh4 {[%clk 00:01:05]} {[%emt 00:00:02]} 56. Re3
{[%clk 00:02:16]} Qh7 {[%clk 00:01:10]} {[%emt 00:00:04]} 57. Rg3 {[%clk
00:02:26]} Qb1+ {[%clk 00:01:18]} {[%emt 00:00:03]} 58. Kg2 {[%clk 00:02:35]}
Qe4+ {[%clk 00:01:25]} {[%emt 00:00:04]} 59. Kg1 {[%clk 00:02:44]} Qd4 {[%clk
00:01:25]} {[%emt 00:00:09]} 60. Re3 {[%clk 00:02:53]} {[%emt 00:00:01]}
1/2-1/2

[Event "World Cup 2023 Open"]
[Site "Baku, Azerbaijan"]
[Date "2023.08.07"]
[Round "22.4"]
[White "So Wesley (USA)"]
[Black "Moussard Jules (FRA)"]
[Result "1/2-1/2"]
[WhiteFideId "5202213"]
[BlackFideId "642908"]
[WhiteElo "2769"]
[BlackElo "2654"]

1. b3 {[%clk 00:25:18]} {[%emt 00:00:01]} e5 {[%clk 00:25:15]} {[%emt
00:00:05]} 2. Bb2 {[%clk 00:25:26]} {[%emt 00:00:02]} Nc6 {[%clk 00:25:14]}
{[%emt 00:00:11]} 3. e3 {[%clk 00:25:34]} {[%emt 00:00:03]} d5 {[%clk
00:25:15]} {[%emt 00:00:08]} 4. Bb5 {[%clk 00:25:37]} {[%emt 00:00:07]} Nge7
{[%clk 00:25:23]} {[%emt 00:00:02]} 5. Bxe5 {[%clk 00:25:29]} {[%emt 00:00:18]}
a6 {[%clk 00:25:31]} {[%emt 00:00:02]} 6. Bxc6+ {[%clk 00:25:37]} {[%emt
00:00:03]} Nxc6 {[%clk 00:25:39]} {[%emt 00:00:01]} 7. Bg3 {[%clk 00:25:45]}
{[%emt 00:00:02]} h5 {[%clk 00:25:45]} {[%emt 00:00:03]} 8. h4 {[%clk
00:25:54]} {[%emt 00:00:01]} d4 {[%clk 00:25:50]} {[%emt 00:00:06]} 9. Ne2
{[%clk 00:25:46]} {[%emt 00:00:17]} Bd6 {[%clk 00:25:38]} {[%emt 00:00:22]} 10.
d3 {[%clk 00:24:45]} {[%emt 00:01:11]} dxe3 {[%clk 00:20:43]} {[%emt 00:05:04]}
11. fxe3 {[%clk 00:24:53]} {[%emt 00:00:03]} Bg4 {[%clk 00:20:47]} {[%emt
00:00:06]} 12. Bxd6 {[%clk 00:24:50]} {[%emt 00:00:13]} Qxd6 {[%clk 00:20:54]}
{[%emt 00:00:03]} 13. Nbc3 {[%clk 00:22:57]} {[%emt 00:02:02]} O-O-O {[%clk
00:19:00]} {[%emt 00:02:05]} 14. Qd2 {[%clk 00:19:09]} {[%emt 00:03:58]} Rhe8
{[%clk 00:18:26]} {[%emt 00:00:45]} 15. O-O-O {[%clk 00:18:32]} {[%emt
00:00:46]} Qe5 {[%clk 00:17:53]} {[%emt 00:00:43]} 16. Rde1 {[%clk 00:18:26]}
{[%emt 00:00:16]} Qxe3 {[%clk 00:14:45]} {[%emt 00:03:18]} 17. Qxe3 {[%clk
00:17:03]} {[%emt 00:01:32]} Rxe3 {[%clk 00:14:53]} {[%emt 00:00:03]} 18. Nf4
{[%clk 00:17:09]} {[%emt 00:00:04]} Ree8 {[%clk 00:12:39]} {[%emt 00:02:24]} 19.
Ncd5 {[%clk 00:12:43]} {[%emt 00:04:36]} Nd4 {[%clk 00:11:48]} {[%emt
00:01:00]} 20. Ne3 {[%clk 00:11:32]} {[%emt 00:01:21]} Ne2+ {[%clk 00:08:29]}
{[%emt 00:03:30]} 21. Nxe2 {[%clk 00:11:36]} {[%emt 00:00:05]} Rxe3 {[%clk
00:08:37]} {[%emt 00:00:02]} 22. Nf4 {[%clk 00:11:44]} {[%emt 00:00:02]} Rde8
{[%clk 00:08:40]} {[%emt 00:00:07]} 23. Rxe3 {[%clk 00:11:37]} {[%emt
00:00:17]} Rxe3 {[%clk 00:08:48]} {[%emt 00:00:02]} 24. Kd2 {[%clk 00:11:45]}
{[%emt 00:00:02]} Re5 {[%clk 00:08:00]} {[%emt 00:00:55]} 25. b4 {[%clk
00:11:34]} {[%emt 00:00:24]} a5 {[%clk 00:07:50]} {[%emt 00:00:20]} 26. a3
{[%clk 00:11:42]} {[%emt 00:00:02]} Kd7 {[%clk 00:07:30]} {[%emt 00:00:29]} 27.
c4 {[%clk 00:11:39]} {[%emt 00:00:13]} axb4 {[%clk 00:06:18]} {[%emt 00:01:22]}
28. axb4 {[%clk 00:11:48]} {[%emt 00:00:02]} Rf5 {[%clk 00:05:59]} {[%emt
00:00:29]} 29. Ke3 {[%clk 00:11:44]} {[%emt 00:00:14]} Re5+ {[%clk 00:05:35]}
{[%emt 00:00:34]} 30. Kd4 {[%clk 00:11:46]} {[%emt 00:00:08]} Rf5 {[%clk
00:05:31]} {[%emt 00:00:14]} 31. Ke4 {[%clk 00:11:37]} {[%emt 00:00:19]} b6
{[%clk 00:04:10]} {[%emt 00:01:32]} 32. Ra1 {[%clk 00:06:35]} {[%emt 00:05:11]}
g5 {[%clk 00:04:04]} {[%emt 00:00:16]} 33. hxg5 {[%clk 00:06:34]} {[%emt
00:00:11]} Rxg5 {[%clk 00:04:12]} {[%emt 00:00:02]} 34. Ra8 {[%clk 00:06:30]}
{[%emt 00:00:13]} Bf5+ {[%clk 00:04:00]} {[%emt 00:00:24]} 35. Kd4 {[%clk
00:05:26]} {[%emt 00:01:13]} c5+ {[%clk 00:03:29]} {[%emt 00:00:41]} 36. bxc5
{[%clk 00:04:02]} {[%emt 00:01:35]} bxc5+ {[%clk 00:03:38]} {[%emt 00:00:01]}
37. Ke3 {[%clk 00:04:05]} {[%emt 00:00:06]} h4 {[%clk 00:03:11]} {[%emt
00:00:37]} 38. Ra7+ {[%clk 00:04:08]} {[%emt 00:00:08]} Kd6 {[%clk 00:03:04]}
{[%emt 00:00:16]} 39. Rxf7 {[%clk 00:01:40]} {[%emt 00:02:38]} Rg3+ {[%clk
00:03:12]} {[%emt 00:00:01]} 40. Kf2 {[%clk 00:01:30]} {[%emt 00:00:20]} Ke5
{[%clk 00:02:49]} {[%emt 00:00:34]} 41. Ne2 {[%clk 00:01:32]} {[%emt 00:00:08]}
Rxd3 {[%clk 00:02:43]} {[%emt 00:00:15]} 42. Rc7 {[%clk 00:01:38]} {[%emt
00:00:04]} Kd6 {[%clk 00:02:45]} {[%emt 00:00:08]} 43. Rf7 {[%clk 00:01:46]}
{[%emt 00:00:02]} Ke5 {[%clk 00:02:34]} {[%emt 00:00:21]} 44. Rc7 {[%clk
00:01:53]} {[%emt 00:00:03]} 1/2-1/2